| 000 | 00395nam a2200109 4500 | ||
|---|---|---|---|
| 008 | 240801b |||||||| |||| 00| 0 eng d | ||
| 040 |
_aNational Science Library _cNational Science Library |
||
| 245 | _aCommodity indexes for the standard international trade classification | ||
| 250 | _aIndexed edition | ||
| 260 |
_aNew York: _bStatistical Office of The United Nations, _c1953 |
||
| 942 |
_2udc _cISD |
||
| 999 |
_c65543 _d65543 |
||